000 00556nam a2200217Ia 4500
008 210210b2015 xxu||||| |||| 00| 0 eng d
020 _a9789351243496
041 _aeng
082 _a664 GANF
100 _aGANGULY (Subha)
245 _aFood microbiology:processing technology and feed additives
260 _aNew Delhi
_bDaya Publishing House
_c2015
300 _a118
650 _atechnology
650 _amicrobiology:processing
650 _aFood
650 _afeed
650 _aadditives
690 _aFood Technology
906 _a074155
999 _c123965
_d123965